[Event "Chigorin Memorial 30th"]
[Site "St Petersburg"]
[Date "2023.10.29"]
[Round "9"]
[White "Ostapenko, Platon Dm"]
[Black "Revyakin, Evgeniy"]
[Result "1-0"]
[WhiteElo "1289"]
[BlackElo "1487"]
[PlyCount "79"]
[EventDate "2023.10.21"]
[EventType "swiss"]
[EventRounds "9"]
[EventCountry "RUS"]
[SourceTitle "CBM 216 Extra"]
[Source "ChessBase"]
[SourceDate "2023.11.30"]
[SourceVersion "1"]
[SourceVersionDate "2023.11.30"]
[SourceQuality "1"]

1. e4 c6 2. d4 d5 3. e5 Bf5 4. Nf3 e6 5. Be2 Nd7 6. 0-0 Ne7 7. c3 h6 8. Bd3 Bxd3 9. Qxd3 c5 10. Be3 c4 11. Qe2 Nf5 12. Nbd2 Be7 13. Rfe1 Nf8 14. Nf1 Ng6 15. Ng3 Nxe3 16. fxe3 Bg5 17. Nxg5 Qxg5 18. Qh5 Rb8 19. Qxg5 hxg5 20. e4 Ne7 21. exd5 exd5 22. Re2 b5 23. a3 Rh6 24. Rf1 Rg6 25. Ref2 Rbb6 26. Rxf7 a5 27. Rf8+ Kd7 28. R1f7 Ke6 29. Rxg7 Rc6 30. Rxg6+ Nxg6 31. Rf6+ Kd7 32. Rxc6 Kxc6 33. Kf2 Nf4 34. Kf3 Ne6 35. Nf5 Kd7 36. h4 gxh4 37. Nxh4 Nxd4+ 38. cxd4 c3 39. bxc3 b4 40. cxb4 1-0

[Event "Chigorin Memorial 30th"]
[Site "St Petersburg"]
[Date "2023.10.25"]
[Round "5"]
[White "Ostapenko, Platon Dm"]
[Black "Ponomarev, Aleksei"]
[Result "0-1"]
[WhiteElo "1289"]
[BlackElo "1536"]
[PlyCount "122"]
[EventDate "2023.10.21"]
[EventType "swiss"]
[EventRounds "9"]
[EventCountry "RUS"]
[SourceTitle "CBM 216 Extra"]
[Source "ChessBase"]
[SourceDate "2023.11.30"]
[SourceVersion "1"]
[SourceVersionDate "2023.11.30"]
[SourceQuality "1"]

1. e4 e5 2. Nf3 Nf6 3. Nxe5 d6 4. Nc4 Nxe4 5. Nc3 Nxc3 6. bxc3 g6 7. d4 d5 8. Ne3 Be7 9. Bd3 0-0 10. 0-0 c6 11. Re1 Bf6 12. Ng4 Bxg4 13. Qxg4 Nd7 14. Bh6 Re8 15. Bf4 Nf8 16. Rxe8 Qxe8 17. Kf1 Ne6 18. Re1 Qd8 19. Bd2 b5 20. Kg1 Rb8 21. g3 Qb6 22. Bh6 c5 23. Qf3 Ng7 24. Bxg7 Kxg7 25. Qxd5 cxd4 26. cxd4 Bxd4 27. Re7 Qf6 28. Rxf7+ Qxf7 29. Qxd4+ Kg8 30. Be4 Qg7 31. Qd5+ Kh8 32. Qd6 Rf8 33. Bd5 Qf6 34. Qc5 a6 35. g4 h6 36. h3 h5 37. Be4 hxg4 38. hxg4 Kg7 39. g5 Qf4 40. Qd4+ Kh7 41. Qd7+ Qf7 42. Qh3+ Kg8 43. Qg2 Rd8 44. Qf3 Qxf3 45. Bxf3 Kf7 46. Be4 Ke6 47. Bxg6 Rg8 48. Bd3 Rxg5+ 49. Kf1 Ke5 50. c3 Kf4 51. c4 b4 52. Ke2 Re5+ 53. Kd2 Ra5 54. Bb1 Ra3 55. Kc2 a5 56. Kb2 Rc3 57. Bc2 Rxc4 58. a3 bxa3+ 59. Kb3 a2 60. Kxa2 Rxc2+ 61. Kb3 Rxf2 0-1

[Event "Chigorin Memorial 30th"]
[Site "St Petersburg"]
[Date "2023.10.22"]
[Round "2"]
[White "Shubin, Kirill"]
[Black "Ostapenko, Platon Dm"]
[Result "1-0"]
[WhiteElo "2440"]
[BlackElo "1289"]
[PlyCount "53"]
[EventDate "2023.10.21"]
[EventType "swiss"]
[EventRounds "9"]
[EventCountry "RUS"]
[SourceTitle "CBM 216 Extra"]
[Source "ChessBase"]
[SourceDate "2023.11.30"]
[SourceVersion "1"]
[SourceVersionDate "2023.11.30"]
[SourceQuality "1"]

1. e4 e6 2. d4 d5 3. Nd2 dxe4 4. Nxe4 Nd7 5. Nf3 Ngf6 6. Bg5 h6 7. Nxf6+ Nxf6 8. Be3 Bd6 9. Bd3 0-0 10. Qe2 Bd7 11. Ne5 c6 12. 0-0-0 Qc7 13. f4 Nd5 14. Bd2 c5 15. Nxd7 Qxd7 16. dxc5 Bxc5 17. c4 Nb6 18. Bc3 Qe7 19. b3 a5 20. a4 Bb4 21. Ba1 Ba3+ 22. Kb1 Qb4 23. Ka2 Qe7 24. g4 Rfe8 25. Qe4 g6 26. Qe5 Qf8 27. Qh8# 1-0